Vlastníctvo nehnuteľností naprieč EÚ bakalárska práca

Salvato in:
Dettagli Bibliografici
Autore principale: Sedlák, Filip Robert
Ente Autore: Národohospodárska fakulta EU. Katedra bankovníctva a medzinárodných financií
Altri autori: Cesnak, Martin, 1994-
Natura: Libro
Lingua:slovacco
Pubblicazione: Bratislava 2025
Tags: Aggiungi Tag
Nessun Tag, puoi essere il primo ad aggiungerne!!

MARC

LEADER 00000nbm a2200000 4500
001 0309146
005 20260105100222.6
041 0 |a slo 
044 |a SK 
245 1 0 |a Vlastníctvo nehnuteľností naprieč EÚ  |b bakalárska práca  |c Filip Robert Sedlák ; školiteľ: Martin Cesnak 
264 1 |a Bratislava  |c 2025 
300 |a 43 s. 
100 1 |a Sedlák, Filip Robert 
700 1 |a Cesnak, Martin, 1994- 
710 2 |a Národohospodárska fakulta EU. Katedra bankovníctva a medzinárodných financií